[Event "DVM U14 2012"]
[Site "Magdeburg GER"]
[Date "2012.12.30"]
[Round "7"]
[White "Renger, Niklas"]
[Black "Bilchinski, Anton"]
[Result "0-1"]
[Termination "normal"]
[Board "7.1"]
[WhiteElo "1769"]
[BlackElo "1912"]
[WhiteTeam "SG Grün-Weiß Dresden"]
[BlackTeam "SK 1908 Göggingen"]
[WhiteFideId "12908096"]
[BlackFideId "24615765"]
[EventCountry "GER"]
[EventRounds "7"]
[EventType "team-swiss"]
[EventDate "2012.12.26"]

1. e4 c5 2. Nf3 e6 3. d4 cxd4 4. Nxd4 a6 5. Bd3 Qc7 6. Nc3 b5 7. O-O Bb7 8. Qe2
Nf6 9. Kh1 d6 10. f4 Nbd7 11. Bd2 b4 12. Na4 Nc5 13. Nxc5 dxc5 14. Nf3 Be7 15.
b3 O-O 16. Rae1 a5 17. h3 Nh5 18. Qf2 Nxf4 19. Bxf4 Qxf4 20. Qe2 Rad8 21. e5
Qg3 22. Be4 Bxe4 23. Qxe4 Rd5 24. Qe2 Rfd8 25. Qb5 Qg6 26. Rc1 Bg5 27. Nxg5
Qxg5 28. Qxa5 Qxe5 29. Qb5 h6 30. Qc6 Qb8 31. Rce1 R8d6 32. Qa4 Rd2 33. Rc1 Qb7
34. Rg1 Rf2 35. Rcf1 Rdd2 36. Rxf2 Rxf2 37. Qa5 Qd5 38. Qb5 e5 39. Qa6 g6 40.
Qc8+ Kg7 41. Qg4 Qd4 42. Qg3 Rxc2 0-1

[Event "DVM U14 2012"]
[Site "Magdeburg GER"]
[Date "2012.12.30"]
[Round "7"]
[White "Reimann, Sebastian"]
[Black "Sack, Carl-Anton"]
[Result "1/2-1/2"]
[Termination "normal"]
[Board "7.2"]
[WhiteElo "1625"]
[BlackElo "1446"]
[WhiteTeam "SK 1908 Göggingen"]
[BlackTeam "SG Grün-Weiß Dresden"]
[WhiteFideId "12928054"]
[BlackFideId "1270309"]
[EventCountry "GER"]
[EventRounds "7"]
[EventType "team-swiss"]
[EventDate "2012.12.26"]

1. e4 c5 2. Nf3 d6 3. d4 cxd4 4. Nxd4 Nf6 5. Nc3 a6 6. Be2 e6 7. O-O Qc7 8. a4
Nc6 9. Be3 Be7 10. h3 O-O 11. Qd2 b6 12. Bf3 Bb7 13. Rfd1 Ne5 14. Qe2 Nxf3+ 15.
Qxf3 d5 16. exd5 Nxd5 17. Nxd5 Bxd5 18. Qe2 Qb7 19. Qf1 Rac8 20. c3 Rfd8 21.
Rac1 Bf6 22. f3 Bc4 23. Qf2 b5 24. axb5 axb5 25. Nc2 Ra8 26. Nb4 Be7 27. Nc2
Rxd1+ 28. Rxd1 Rd8 29. Qe1 h6 30. Nd4 Bc5 31. Nc2 Bxe3+ 32. Nxe3 Rxd1 33. Qxd1
Qb6 34. Qe1 Qd6 35. Kf2 Bd5 36. Qe2 Qc6 37. Qd2 Bc4 38. Qd4 Qa6 39. Qd2 f6 40.
Qd1 Qb6 41. Qd4 Qc6 42. b4 e5 43. Qc5 Qa6 44. Nxc4 bxc4 45. Qa5 Qd6 46. Qa2 Qd5
47. Qb2 Qb5 48. Qd2 Kf7 49. Qd6 Kg6 50. Qe6 Kh7 51. Qf7 Qa6 52. Qd5 Qa2+ 53.
Kg3 Qb3 54. Qe4+ Kg8 55. Qe3 Kf7 56. Qd2 Ke6 57. f4 Qb1 58. fxe5 Qg6+ 59. Kh2
fxe5 60. Qf2 1/2-1/2

[Event "DVM U14 2012"]
[Site "Magdeburg GER"]
[Date "2012.12.30"]
[Round "7"]
[White "Artz, Tobias"]
[Black "Schuler, Max"]
[Result "1-0"]
[Termination "normal"]
[Board "7.4"]
[WhiteElo "1375"]
[BlackElo "1529"]
[WhiteTeam "SK 1908 Göggingen"]
[BlackTeam "SG Grün-Weiß Dresden"]
[WhiteFideId "12928127"]
[BlackFideId "12964913"]
[EventCountry "GER"]
[EventRounds "7"]
[EventType "team-swiss"]
[EventDate "2012.12.26"]

1. e4 c5 2. Nf3 e6 3. d4 cxd4 4. c3 d3 5. Bxd3 Nc6 6. O-O Qc7 7. Qe2 d6 8. Rd1
Nf6 9. Bg5 Be7 10. Nbd2 O-O 11. Rac1 a6 12. Nd4 Ne5 13. N2f3 Nxf3+ 14. Nxf3 Rd8
15. e5 dxe5 16. Nxe5 Nd5 17. Bxe7 Qxe7 18. Qf3 Nf6 19. c4 Qc7 20. Qf4 Kh8 21.
Ng6+ 1-0

[Event "DVM U14 2012"]
[Site "Magdeburg GER"]
[Date "2012.12.30"]
[Round "7"]
[White "Scholz, Robert"]
[Black "Nicolai, Tim"]
[Result "1-0"]
[Termination "normal"]
[Board "8.1"]
[WhiteElo "1891"]
[BlackElo "1647"]
[WhiteTeam "USV TU Dresden"]
[BlackTeam "SV Empor Erfurt"]
[WhiteFideId "1270301"]
[BlackFideId "12964930"]
[EventCountry "GER"]
[EventRounds "7"]
[EventType "team-swiss"]
[EventDate "2012.12.26"]

1. e4 e5 2. Nf3 Nc6 3. Bc4 Bc5 4. c3 Nf6 5. d3 a6 6. Bb3 d6 7. h3 h6 8. Nbd2
Ba7 9. Nf1 Ne7 10. Be3 b6 11. g4 g5 12. Ng3 Ng6 13. Qc2 Nf4 14. O-O-O Qe7 15.
Bxf4 gxf4 16. Nf5 Bxf5 17. gxf5 O-O-O 18. Rhe1 Kb8 19. d4 Rhg8 20. a4 c6 21.
Re2 Kc7 22. Qd3 Kb7 23. Kb1 Bb8 24. d5 c5 25. Bc4 a5 26. Bb5 Nd7 27. Rc1 Bc7
28. Rec2 Rg2 29. b4 Nb8 30. bxa5 bxa5 31. Rb2 Bb6 32. Bc6+ Nxc6 33. dxc6+ Kxc6
34. Qd5+ 1-0

[Event "DVM U14 2012"]
[Site "Magdeburg GER"]
[Date "2012.12.30"]
[Round "7"]
[White "Allin, Alexander"]
[Black "Fuchs, Sebastian"]
[Result "1/2-1/2"]
[Termination "normal"]
[Board "8.2"]
[WhiteElo "1448"]
[BlackElo "1673"]
[WhiteTeam "SV Empor Erfurt"]
[BlackTeam "USV TU Dresden"]
[WhiteFideId "12903698"]
[EventCountry "GER"]
[EventRounds "7"]
[EventType "team-swiss"]
[EventDate "2012.12.26"]

1. e4 e5 2. Nf3 Nc6 3. Bc4 Bc5 4. c3 Nf6 5. d3 O-O 6. Bg5 Be7 7. Bb3 d6 8. Nbd2
h6 9. Bh4 a6 10. Nf1 Na5 11. Bc2 c5 12. Ne3 b5 13. d4 Bg4 14. Bxf6 Bxf3 15.
Bxe7 Bxd1 16. Bxd8 Bxc2 17. Bxa5 Bxe4 18. dxe5 dxe5 19. O-O Bd3 20. Rfd1 e4 21.
b3 f5 22. a4 f4 23. Ng4 Be2 24. Re1 1/2-1/2

[Event "DVM U14 2012"]
[Site "Magdeburg GER"]
[Date "2012.12.30"]
[Round "7"]
[White "Reiche, Niccolò"]
[Black "Sommer, Jan"]
[Result "1-0"]
[Termination "normal"]
[Board "8.3"]
[WhiteElo "1671"]
[BlackElo "1684"]
[WhiteTeam "USV TU Dresden"]
[BlackTeam "SV Empor Erfurt"]
[WhiteFideId "12964778"]
[BlackFideId "24690090"]
[EventCountry "GER"]
[EventRounds "7"]
[EventType "team-swiss"]
[EventDate "2012.12.26"]

1. e4 e5 2. Nf3 Nc6 3. Bc4 Bc5 4. c3 Nf6 5. d3 d6 6. h3 a6 7. Bb3 h6 8. Nbd2
Be6 9. Bc2 O-O 10. g4 Nh7 11. Nf1 d5 12. Qe2 d4 13. Ng3 Be7 14. Nf5 Ng5 15.
Bxg5 Bxg5 16. h4 Bf4 17. g5 h5 18. Rg1 g6 19. Nd2 Qd7 20. Ng3 b5 21. Nxh5 gxh5
22. Qxh5 Bxd2+ 23. Kxd2 Ne7 24. f4 exf4 25. Qh6 Ng6 26. h5 Ne5 27. Raf1 Ng4 28.
Rxg4 Bxg4 29. Rxf4 Rae8 30. Rf6 Re7 31. g6 1-0

[Event "DVM U14 2012"]
[Site "Magdeburg GER"]
[Date "2012.12.30"]
[Round "7"]
[White "Maurer, Noah"]
[Black "Beeck, Mats"]
[Result "0-1"]
[Termination "normal"]
[Board "9.1"]
[WhiteElo "1649"]
[BlackElo "1794"]
[WhiteTeam "SG Königskinder Hohentübingen"]
[BlackTeam "SK Doppelbauer Kiel"]
[WhiteFideId "12920673"]
[BlackFideId "12936944"]
[EventCountry "GER"]
[EventRounds "7"]
[EventType "team-swiss"]
[EventDate "2012.12.26"]

1. e4 c5 2. Nc3 d6 3. f4 Nc6 4. Bb5 g6 5. Bxc6+ bxc6 6. Nf3 Bg7 7. O-O Nh6 8.
d3 Rb8 9. Qe1 d5 10. Qh4 e6 11. Qxd8+ Kxd8 12. f5 gxf5 13. Bxh6 Bxh6 14. Ne5
Kc7 15. Nxf7 Be3+ 16. Kh1 Rf8 17. Ne5 Rxb2 18. exd5 Bd4 19. d6+ Kd8 20. Nxc6+
Kd7 21. Nxd4 cxd4 22. Ne4 Rxc2 23. Rf2 Rxf2 24. Nxf2 Kxd6 25. Rb1 Rf7 26. Rb5
Rb7 27. Rxb7 Bxb7 28. Kg1 e5 29. Nd1 e4 30. Nb2 Ba6 31. dxe4 fxe4 32. Kf2 e3+
0-1

[Event "DVM U14 2012"]
[Site "Magdeburg GER"]
[Date "2012.12.30"]
[Round "7"]
[White "Hurm, Marius"]
[Black "Wiemann, Niklas"]
[Result "1/2-1/2"]
[Termination "normal"]
[Board "9.3"]
[WhiteElo "1400"]
[BlackElo "1452"]
[WhiteTeam "SG Königskinder Hohentübingen"]
[BlackTeam "SK Doppelbauer Kiel"]
[WhiteFideId "12951552"]
[EventCountry "GER"]
[EventRounds "7"]
[EventType "team-swiss"]
[EventDate "2012.12.26"]

1. e4 e6 2. d4 d5 3. Nc3 Bb4 4. exd5 exd5 5. Nf3 Ne7 6. Bf4 c5 7. a3 Bxc3+ 8.
bxc3 O-O 9. Bd3 c4 10. Be2 Ng6 11. Bg3 Nd7 12. O-O Nf6 13. Nd2 Qa5 14. Bd6 Re8
15. Bb4 Qc7 16. a4 a5 17. Ba3 Bf5 18. Bf3 Nh4 19. Ra2 Nxf3+ 20. Qxf3 Bg4 21.
Qg3 Qxg3 22. fxg3 Re2 23. Nf3 Ne4 24. Ne5 Be6 25. Rb2 f6 26. Rb6 fxe5 27. Rxe6
exd4 28. cxd4 Nxg3 29. Rxe2 Nxe2+ 30. Kf2 Nxd4 31. c3 Ne6 32. Rb1 Kf7 33. Rxb7+
Kf6 34. Ke3 h5 35. Rb5 Ke5 36. Bc5 Nxc5 37. Rxc5 g5 38. Rb5 g4 39. Rb7 Re8 40.
Rb5 Kd6+ 41. Kf2 Rf8+ 42. Ke2 Kc6 43. Rxa5 Rb8 44. Ra6+ Kc5 45. Ra5+ Kd6 46.
Ra6+ Kc7 47. Rh6 Rb2+ 48. Ke3 Rxg2 49. Rxh5 Kc6 50. a5 g3 51. hxg3 Rxg3+ 52.
Kd2 Rd3+ 53. Kc2 Kb5 54. Rh8 Kxa5 55. Rb8 Re3 56. Rb7 Ka6 57. Rb8 Ka7 58. Rb5
Re5 59. Kd2 1/2-1/2

[Event "DVM U14 2012"]
[Site "Magdeburg GER"]
[Date "2012.12.30"]
[Round "7"]
[White "Petersen, Finn Christopher"]
[Black "Sänger, Julius"]
[Result "1-0"]
[Termination "normal"]
[Board "9.4"]
[WhiteElo "1507"]
[BlackElo "1029"]
[WhiteTeam "SK Doppelbauer Kiel"]
[BlackTeam "SG Königskinder Hohentübingen"]
[WhiteFideId "12964840"]
[BlackFideId "12920703"]
[EventCountry "GER"]
[EventRounds "7"]
[EventType "team-swiss"]
[EventDate "2012.12.26"]

1. e4 e5 2. Nf3 Nc6 3. d4 d6 4. d5 Nce7 5. Bd3 Bg4 6. h3 Bh5 7. c4 c6 8. Be3
Nf6 9. Nc3 g6 10. g4 Bxg4 11. hxg4 Nxg4 12. Ng5 Nf6 13. f4 Qd7 14. Qf3 Kd8 15.
Nxf7+ Kc7 16. Nxh8 Bg7 17. Nf7 1-0

[Event "DVM U14 2012"]
[Site "Magdeburg GER"]
[Date "2012.12.30"]
[Round "7"]
[White "Bykov, Ilya"]
[Black "Wulfhorst, Noah"]
[Result "1-0"]
[Termination "normal"]
[Board "10.1"]
[WhiteElo "1683"]
[BlackElo "1619"]
[WhiteTeam "Karlsruher SF 1853"]
[BlackTeam "Gütersloher SV"]
[WhiteFideId "12918059"]
[BlackFideId "12964956"]
[EventCountry "GER"]
[EventRounds "7"]
[EventType "team-swiss"]
[EventDate "2012.12.26"]

1. e4 c5 2. d4 cxd4 3. c3 dxc3 4. Nxc3 e6 5. Bf4 a6 6. Bc4 Bb4 7. Rc1 Nf6 8. e5
Ne4 9. Qg4 g6 10. Nge2 h5 11. Qf3 Nxc3 12. Nxc3 Nc6 13. Qe3 b5 14. Bd3 Be7 15.
Ne4 Rg8 16. h4 Qa5+ 17. Kf1 Bb7 18. Bg5 b4 19. Bxe7 Kxe7 20. Qg5+ Kf8 21. Rc5
Qxa2 22. Nd6 Nd8 23. Qh6+ Ke7 24. Qh7 Qa1+ 25. Ke2 Qxb2+ 26. Ke3 Rf8 27. Qg7
Rg8 28. Qxg8 1-0

[Event "DVM U14 2012"]
[Site "Magdeburg GER"]
[Date "2012.12.30"]
[Round "7"]
[White "Kandler, Pascal"]
[Black "Wiesner, Alexander"]
[Result "0-1"]
[Termination "normal"]
[Board "10.2"]
[WhiteElo "1549"]
[BlackElo "1638"]
[WhiteTeam "Gütersloher SV"]
[BlackTeam "Karlsruher SF 1853"]
[WhiteFideId "12964964"]
[BlackFideId "12943991"]
[EventCountry "GER"]
[EventRounds "7"]
[EventType "team-swiss"]
[EventDate "2012.12.26"]

1. e4 c5 2. Nf3 d6 3. d4 cxd4 4. Nxd4 e6 5. Nc3 Nf6 6. Be2 Be7 7. O-O a6 8. Be3
b6 9. f4 Nbd7 10. Bf3 e5 11. Nde2 O-O 12. Qe1 exf4 13. Nxf4 Ne5 14. Nfd5 b5 15.
h3 Bb7 16. a3 Rc8 17. Qe2 Nc4 18. Bc1 Re8 19. Qd1 Bxd5 20. exd5 Qb6+ 21. Kh1
Nd7 22. Ne2 Bf6 23. c3 Re7 24. Qc2 Rce8 25. Ng3 Re1 26. Bd2 Rxa1 27. Rxa1 Qf2
28. Ne4 Rxe4 29. Bxe4 Qxd2 30. Bxh7+ Kf8 31. Qxd2 Nxd2 32. Bf5 Ne5 33. Bc8 a5
34. Ba6 Ndc4 35. Ra2 Nd3 36. Bxb5 Ndxb2 37. Bxc4 Nxc4 38. a4 Be5 39. g4 Nb6 40.
Ra3 Nxd5 41. c4 Nb6 42. Kg2 Nxc4 43. Ra2 Ke7 44. Kf3 Ke6 45. Ke4 g5 46. Kd3 Nb6
47. Kc2 Kd5 48. Kb3 f6 49. Rc2 Nd7 50. Rc8 Nc5+ 51. Ka3 Bc3 52. Re8 Bb4+ 53.
Ka2 Nxa4 54. Re3 Nc3+ 55. Kb3 Ne4 56. Rd3+ Ke5 57. Kc4 Nd2+ 58. Kb5 d5 0-1

[Event "DVM U14 2012"]
[Site "Magdeburg GER"]
[Date "2012.12.30"]
[Round "7"]
[White "Joeres, Roman"]
[Black "Pfaffenrot, Daniel"]
[Result "1-0"]
[Termination "normal"]
[Board "10.3"]
[WhiteElo "1301"]
[BlackElo "1472"]
[WhiteTeam "Karlsruher SF 1853"]
[BlackTeam "Gütersloher SV"]
[WhiteFideId "12964816"]
[BlackFideId "12964972"]
[EventCountry "GER"]
[EventRounds "7"]
[EventType "team-swiss"]
[EventDate "2012.12.26"]

1. d4 d5 2. g3 e6 3. Nf3 Nf6 4. Bg2 Be7 5. O-O O-O 6. Bf4 Nbd7 7. Nbd2 c6 8. e3
Nh5 9. c4 Nxf4 10. exf4 Nf6 11. Ne5 Qb6 12. Nb3 a5 13. Rb1 a4 14. Nc1 Rd8 15.
c5 Qc7 16. b3 axb3 17. axb3 b6 18. b4 Ba6 19. Re1 Rdb8 20. Ncd3 Bb5 21. Ra1 Ra7
22. Qc2 Rba8 23. Qc3 Ne4 24. Rxa7 Rxa7 25. Bxe4 dxe4 26. Rxe4 Ra4 27. Nb2 Ra1+
28. Re1 Qa7 29. Nbc4 Rxe1+ 30. Qxe1 f6 31. Nxc6 Bxc6 32. Qxe6+ Kf8 33. Qxc6
bxc5 34. dxc5 Qa1+ 35. Kg2 Qd4 36. Nd6 Bxd6 37. Qxd6+ Qxd6 38. cxd6 Ke8 39. Kf3
Kd7 40. Ke4 Kxd6 41. Kd4 Kc6 42. h4 h5 43. f3 g6 44. g4 Kd6 45. b5 f5 46. g5
Kd7 47. Kd5 Kc7 48. Ke6 Kb6 49. Kf6 Kxb5 50. Kxg6 Kc5 51. Kxf5 Kd5 52. g6 Kd4
53. g7 Kd3 54. g8=Q Ke2 55. Qb3 Kf2 56. Kg5 Kg2 57. Kxh5 Kg3 58. Qe3 Kh3 59. f5
Kg3 60. f4+ Kg2 61. Kg4 Kh2 62. Qf3 Kg1 63. Qe2 Kh1 64. Kg3 Kg1 65. Qg2# 0-1

[Event "DVM U14 2012"]
[Site "Magdeburg GER"]
[Date "2012.12.30"]
[Round "7"]
[White "Haase, Kai"]
[Black "Sirbu, Nikita"]
[Result "1-0"]
[Termination "normal"]
[Board "10.4"]
[WhiteElo "1402"]
[BlackElo "1045"]
[WhiteTeam "Gütersloher SV"]
[BlackTeam "Karlsruher SF 1853"]
[WhiteFideId "12964999"]
[BlackFideId "12946370"]
[EventCountry "GER"]
[EventRounds "7"]
[EventType "team-swiss"]
[EventDate "2012.12.26"]

1. e4 c5 2. Nf3 e6 3. d4 cxd4 4. Nxd4 a6 5. Nc3 Qc7 6. Bd3 Bb4 7. Bd2 Nf6 8.
Qe2 O-O 9. O-O Nc6 10. Nf3 Ne5 11. Nxe5 Qxe5 12. a3 Bd6 13. g3 Qc5 14. Rae1 e5
15. Kh1 Bc7 16. f4 d6 17. Be3 Qc6 18. Qd2 Ng4 19. Nd5 Nxe3 20. Qxe3 Re8 21. Qd2
Qc5 22. Qc3 Qxc3 23. Nxc3 Bh3 24. Rf2 Bb6 25. Rd2 exf4 26. gxf4 Rac8 27. Nd5
Ba5 28. b4 Bd8 29. c4 Bh4 30. Re3 Be6 31. Rde2 Bg4 32. Rg2 Be6 33. Rge2 Bf6 34.
e5 dxe5 35. fxe5 Bg5 36. Rg3 Bxd5+ 37. cxd5 Bf4 38. Rh3 g6 39. e6 fxe6 40. dxe6
Rc6 41. Be4 Rcxe6 42. Bd5 Kf7 43. Rxh7+ Kg8 44. Rxb7 Bc1 45. a4 Kh8 46. Rxe6
Rxe6 47. Bxe6 Bd2 48. Bc4 a5 49. b5 Be3 50. b6 g5 51. Rb8+ Kg7 52. b7 Bf4 53.
Rc8 Kh6 54. b8=Q Bxb8 55. Rxb8 Kh5 56. Kg2 Kg4 57. Bb5 Kf5 58. Re8 Kg4 59. h3+
Kh5 60. Rg8 Kh6 61. Kf3 Kh5 62. Be8+ Kh6 63. Ke4 Kh7 64. Bf7 Kh6 65. Kf5 Kh7
66. Kf6 g4 67. hxg4 Kh6 68. Rh8# 1-0